Football par lettre - P - Statistiques

Statistiques générales
  • Ce quiz a été pris 179 fois
  • Le résultat moyen est 13 sur 20
Statistiques - réponses
Hint Réponse % Correct
Son vrai nom est Edson Arantes do Nascimento Pele
93%
SECOND POTEAUUUUU... PAVARD
91%
Paul, Florentin et Mathias sont les frères... Pogba
91%
Footballeur hongrois, un prix récompensant le plus beau but de la saison porte son nom Ferenc Puskas
90%
Il a inscrit le troisième but de la finale de la CDM 1998 Emmanuel Petit
87%
Triple ballon d'or, on l'appelait "Monsieur Plus" Michel Platini
81%
Défenseur portugais ou Ailier ivoirien Pepe
75%
Surnom donné à Leo Messi en raison de sa petite taille Pulga
74%
Le FC Sochaux portait autrefois le logo de cette marque sur son ecusson Peugeot
72%
Ailier espagnol,champion du monde 2010,qui a joué pour les deux clubs romains Pedro
70%
Terme familier pour désigner un gardien peu efficace Passoire
68%
Club rival de l'Olympiakos Panathinaïkós
64%
Pays qui a participé à sa première CDM en 2018 Panama
58%
Son penalty mythique a offert l'Euro à son pays en 1976 Antonin Panenka
56%
Surnom de Maradona, signifiant "le gamin en Or" Pibe de oro
52%
Il faut qu'il muscle son jeu ! Robert Pires
51%
On l'appelait "El Flaco" Javier Pastore
46%
Son surnom est "L'aigle des Açores" Pedro Miguel Pauleta
46%
A cause d'un problème de droit, la Juventus portait ce nom dans le jeu FIFA 20 Piemonte Calcio
46%
Légende du SEC Bastia, finaliste de la coupe de l'UEFA 1978, décédé brutalement à l'age de 33 ans Claude Papi
26%
Aucun quiz correspondant
Distribution des résultats
% des personnes avec chaque résultat
Percentile par nombre de réponses
Votre historique - résultats
Vous n’avez pas pris ce quiz